000 00615nam a2200217Ia 4500
005 20230628114750.0
008 131103s9999 xx 000 0 und d
040 _aLoreto College
041 _aEnglish
082 _a942.06
_bASH
100 _aAshley,Maurice
245 _aEngland in the seventeenth century
_cMaurice Ashley
250 _a2nd ed.
260 _aHarmondsworth
_bPenguin Books
_c1956 (1958 printing)
300 _a256 p.
504 _aIncludes bibliographical references and index
650 _aPeriod Of Stuart
651 _aEngland - History,17th century
850 _aLCLIB
942 _cBK
999 _c8434
_d58913